[Event "Las Americas op U2400 Hybrid"]
[Site "Internet"]
[Date "2022.06.04"]
[Round "3.2"]
[White "Rodriguez Galanton, Yul Johnattan"]
[Black "Diaz Rosas, Julio Cesar"]
[Result "1/2-1/2"]
[WhiteElo "2068"]
[BlackElo "2328"]
[PlyCount "82"]
[EventDate "2022.06.04"]
[EventType "swiss"]
[EventRounds "6"]
[EventCountry "VEN"]
[SourceTitle "EXT 2024"]
[Source "ChessBase"]
[SourceDate "2023.10.10"]
[SourceVersion "1"]
[SourceVersionDate "2023.10.10"]
[SourceQuality "1"]

1. d4 Nf6 2. Nc3 g6 3. e4 d5 4. e5 Ne4 5. Nxe4 dxe4 6. c3 Bg7 7. Bc4 c5 8. e6 Bxe6 9. Bxe6 fxe6 10. dxc5 Nd7 11. Be3 Ne5 12. Qa4+ Qd7 13. Qxd7+ Kxd7 14. 0-0-0+ Kc6 15. Ne2 Nd3+ 16. Kc2 Rhf8 17. Rhf1 Be5 18. f4 exf3 19. Kxd3 fxe2 20. Kxe2 a5 21. g3 h5 22. Bg5 Rf5 23. Bxe7 Re8 24. Bd6 b6 25. Rxf5 exf5 26. Kf3 bxc5 27. Bxe5 Rxe5 28. Rd8 c4 29. Rg8 Rb5 30. Rxg6+ Kd5 31. Rg5 Ke6 32. Rxh5 Rxb2 33. Rh6+ Ke5 34. Ra6 Rxa2 35. h4 Ra3 36. h5 Rxc3+ 37. Kg2 f4 38. Rxa5+ Ke4 39. gxf4 Kxf4 40. Rc5 Kg4 41. Kf2 Rh3 1/2-1/2

[Event "Ciudad Guayana Cabrera Memorial Up1900"]
[Site "Ciudad Guayana"]
[Date "2016.04.16"]
[Round "3"]
[White "Rodriguez Galanton, Yul Johnattan"]
[Black "Gomez Davis, Darby Albert"]
[Result "1-0"]
[WhiteElo "2065"]
[BlackElo "1957"]
[PlyCount "53"]
[EventDate "2016.04.15"]
[EventType "swiss"]
[EventRounds "7"]
[EventCountry "VEN"]
[SourceTitle "EXT 2022"]
[Source "ChessBase"]
[SourceDate "2021.10.06"]
[SourceVersion "1"]
[SourceVersionDate "2021.10.06"]
[SourceQuality "1"]

1. d4 d6 2. e4 c6 3. f4 Qc7 4. Nf3 Nd7 5. e5 e6 6. Bd3 c5 7. c3 Nh6 8. Be3 d5 9. Ng5 g6 10. h4 Be7 11. h5 Bxg5 12. hxg6 fxg6 13. fxg5 Nf5 14. Bf2 0-0 15. Na3 cxd4 16. cxd4 Nxe5 17. dxe5 Qxe5+ 18. Qe2 Qf4 19. 0-0 Qxg5 20. Bc5 Rf7 21. Qe5 b6 22. Bd4 Kf8 23. Bxf5 gxf5 24. Rf3 Qg4 25. Rg3 Qe4 26. Qd6+ Re7 27. Bf6 1-0

[Event "Porlamar FVA 3rd"]
[Site "Porlamar"]
[Date "2014.04.05"]
[Round "5.3"]
[White "Rodriguez Galanton, Yul Johnattan"]
[Black "Larez Hernandez, Jose Alejandro"]
[Result "1/2-1/2"]
[WhiteElo "2107"]
[BlackElo "1856"]
[PlyCount "70"]
[EventDate "2014.04.04"]
[EventType "swiss"]
[EventRounds "7"]
[EventCountry "VEN"]
[SourceTitle "EXT 2022"]
[Source "ChessBase"]
[SourceDate "2021.10.06"]
[SourceVersion "1"]
[SourceVersionDate "2021.10.06"]
[SourceQuality "1"]

1. d4 g6 2. e4 Bg7 3. Nc3 d6 4. Bg5 Nc6 5. d5 Ne5 6. Qd2 Nf6 7. f4 Ned7 8. Nf3 Nc5 9. Bd3 Bd7 10. 0-0 c6 11. Kh1 cxd5 12. exd5 Qb6 13. Rab1 Nxd3 14. Qxd3 Bf5 15. Qe2 0-0 16. Rfd1 Ng4 17. Bh4 Rac8 18. h3 Nf6 19. Nd4 Bd7 20. Bf2 Qa5 21. Qxe7 Rxc3 22. bxc3 Re8 23. Qxd6 Ne4 24. Qxd7 Rd8 25. Qb5 Nxf2+ 26. Kg1 Qxb5 27. Nxb5 Nxd1 28. Rxd1 a6 29. Na3 Bxc3 30. Rd3 Bb4 31. Nb1 Bc5+ 32. Kf1 b5 33. Nd2 f5 34. Nf3 Bd6 35. g3 Rc8 1/2-1/2

[Event "Cumana II IRT FVA"]
[Site "Cumana"]
[Date "2014.03.08"]
[Round "5.2"]
[White "Flores Medina, Anthony Moises"]
[Black "Rodriguez Galanton, Yul Johnattan"]
[Result "0-1"]
[WhiteElo "1928"]
[BlackElo "2103"]
[PlyCount "42"]
[EventDate "2014.03.07"]
[EventType "swiss"]
[EventRounds "7"]
[EventCountry "VEN"]
[SourceTitle "EXT 2022"]
[Source "ChessBase"]
[SourceDate "2021.10.06"]
[SourceVersion "1"]
[SourceVersionDate "2021.10.06"]
[SourceQuality "1"]

1. d4 Nf6 2. c4 e6 3. Nc3 Bb4 4. Qc2 c5 5. dxc5 Bxc5 6. Nf3 Nc6 7. a3 d5 8. cxd5 exd5 9. e3 0-0 10. Be2 Bg4 11. Na4 Bd6 12. 0-0 Qe7 13. b4 Bxf3 14. Bxf3 Qe5 15. h3 Qxa1 16. Nc3 d4 17. Nb5 Be5 18. Bd2 d3 19. Qxd3 Qa2 20. Bc3 Bxc3 21. Qxc3 Rfd8 0-1

[Event "Porlamar op"]
[Site "Porlamar"]
[Date "2014.01.05"]
[Round "6"]
[White "Rodriguez Galanton, Yul Johnattan"]
[Black "Marichal Gonzalez, Ariel"]
[Result "0-1"]
[WhiteElo "2125"]
[BlackElo "2282"]
[PlyCount "46"]
[EventDate "2014.01.03"]
[EventType "swiss"]
[EventRounds "6"]
[EventCountry "VEN"]
[SourceTitle "EXT 2015"]
[Source "ChessBase"]
[SourceDate "2014.11.20"]
[SourceVersion "1"]
[SourceVersionDate "2014.11.20"]
[SourceQuality "1"]

1. e4 c5 2. Nf3 Nc6 3. d4 cxd4 4. Nxd4 Nf6 5. Nc3 e5 6. Nde2 Bc5 7. Be3 Bxe3 8. fxe3 0-0 9. Qd2 d6 10. 0-0-0 Be6 11. Ng3 Qa5 12. a3 a6 13. Nd5 Qxd2+ 14. Rxd2 Bxd5 15. exd5 Ne7 16. e4 Nd7 17. Nf5 Nxf5 18. exf5 Rac8 19. g4 Nf6 20. h3 Rc5 21. c4 b5 22. Rc2 bxc4 23. Rxc4 Rxd5 0-1

[Event "Porlamar op"]
[Site "Porlamar"]
[Date "2014.01.05"]
[Round "5"]
[White "Vergara Sequera, Jordano Alberto"]
[Black "Rodriguez Galanton, Yul Johnattan"]
[Result "0-1"]
[WhiteElo "1990"]
[BlackElo "2125"]
[PlyCount "56"]
[EventDate "2014.01.03"]
[EventType "swiss"]
[EventRounds "6"]
[EventCountry "VEN"]
[SourceTitle "EXT 2015"]
[Source "ChessBase"]
[SourceDate "2014.11.20"]
[SourceVersion "1"]
[SourceVersionDate "2014.11.20"]
[SourceQuality "1"]

1. b4 e5 2. Bb2 f6 3. b5 d5 4. e3 c6 5. a4 Bd6 6. Nf3 Ne7 7. Be2 Be6 8. d3 Qa5+ 9. Nbd2 cxb5 10. axb5 Qxb5 11. Rb1 Qd7 12. h4 Nbc6 13. h5 Rc8 14. Nh2 Nb4 15. c3 Nbc6 16. Qa4 a6 17. g4 Nd8 18. Qd1 Nf7 19. c4 dxc4 20. Nxc4 Bxc4 21. dxc4 Bb4+ 22. Kf1 Qxd1+ 23. Rxd1 Nd6 24. Rc1 0-0 25. Nf3 h6 26. Kg2 Rc6 27. Rhd1 Rfc8 28. Nd2 Kf7 0-1

[Event "Porlamar op"]
[Site "Porlamar"]
[Date "2014.01.03"]
[Round "1"]
[White "Rodriguez Galanton, Yul Johnattan"]
[Black "Torres Tarazon, Miguel"]
[Result "1-0"]
[WhiteElo "2125"]
[BlackElo "1715"]
[PlyCount "85"]
[EventDate "2014.01.03"]
[EventType "swiss"]
[EventRounds "6"]
[EventCountry "VEN"]
[SourceTitle "EXT 2015"]
[Source "ChessBase"]
[SourceDate "2014.11.20"]
[SourceVersion "1"]
[SourceVersionDate "2014.11.20"]
[SourceQuality "1"]

1. d4 Nf6 2. Nf3 d5 3. c4 c6 4. Qc2 e6 5. Bg5 Be7 6. cxd5 exd5 7. Nc3 Be6 8. e3 Nbd7 9. Bd3 h6 10. Bh4 Nh5 11. Bxe7 Qxe7 12. 0-0 0-0 13. Rab1 f5 14. Rfe1 g5 15. Ne2 Qf6 16. Ng3 Ng7 17. b4 g4 18. Nd2 Rac8 19. Ne2 h5 20. Nb3 b6 21. Nf4 Bf7 22. Rec1 h4 23. Ba6 Rc7 24. Bf1 Nh5 25. Nxh5 Bxh5 26. b5 c5 27. dxc5 bxc5 28. Qd2 Bf7 29. Nd4 Rfc8 30. Qa5 Nb6 31. Nc6 c4 32. Qd2 Be8 33. Nd4 Bd7 34. Be2 Rc5 35. Bd1 h3 36. gxh3 gxh3 37. Bf3 Qg5+ 38. Kh1 Kh7 39. Rg1 Qf6 40. Qc2 Kh6 41. Rg3 f4 42. exf4 Rf8 43. Rbg1 1-0